000 00299nam a2200109Ia 4500
008 200302s9999 xx 000 0 und d
100 _aRahul Khanna And Manav Parhawq
245 _aThe Modern Architecture Of New Delhi : 1928---2017
260 _bRandom House India
260 _c2008
300 _a207 P
999 _c4921
_d4921